| 000 | 00000nam##2200000za#4500 |
| 001 | 9.617637 |
| 003 | CaOODSP |
| 005 | 20220125145841 |
| 007 | ta |
| 008 | 150406|2006||||xxc||||| f|0| 0 eng|d |
| 020 | |a0-662-42446-8 |
| 040 | |aCaOODSP|beng |
| 043 | |an-cn--- |
| 086 | 1 |aD4-4/1-2006E |
| 110 | 1 |aCanada. |bDepartment of National Defence. |
| 245 | 10|aOn the front lines of leadership : |bsub-unit command on operations / |cedity by Colonel Bernd Horn; issued by Canadian Defence Academy. |
| 260 | |aKingston - Ontario : |bNational Defence |c2006. |
| 300 | |avi, 195p. : |bglossary, references, index ; |c23 cm. |
| 490 | 1 |aIn harm's way |
| 520 | 3 |aThis seminal collection is the cornerstone of a Strategic Leadership Writing Project, which is designed to create a distinct and unique body of Canadian leadership literature and knowledge to assist leaders at all levels in the Canadian Forces (CF) in preparing themselves for operations in a complex security environment. The project also serves to inform the public in regards to the contribution of CF service personnel to Canadian society and international affairs. |
| 563 | |aSoftcover |
| 590 | |a06-35|b2006-09-01 |
| 690 | 07|aArmed forces|2gcpds |
| 690 | 07|aLeadership|2gcpds |
| 690 | 07|aMilitary command|2gcpds |
| 775 | 08|tLe leadership sur la ligne de front : |w(CaOODSP)9.627257 |
| 776 | 0#|tOn the front lines of leadership : |w(CaOODSP)9.573844 |
| 830 | #0|aIn harm's way.|w(CaOODSP)9.515318 |